000 01091nam a2200253 i 4500
001 7702
003 ES-MaACL
005 20250830215846.0
007 t|
008 910323s1990 sp a |||| | spa d
020 _a84-404-7440-7
080 _a001(46)"17"
111 2 _aColoquio Internacional Ciencia, Técnica y Estado
_d(1988.
_cMadrid)
_9164901
245 1 0 _aCiencia, técnica y estado en la España ilustrada /
_ceditores, Joaquín Fernández Pérez, Ignacio González Tascón.
260 _aMadrid :
_bMinisterio de Educación y Ciencia, Secretaría de Estado de Universidades e Investigación, Sociedad Española de Historia de las Ciencias y de las Técnicas,
_c[1990]
300 _aIX, 589 p. :
_bil. ;
_c24 cm.
650 1 4 _aCiencia-
_zEspaña-
_yS.XVIII.
_910945
650 4 _aTecnología-
_zEspaña-
_yS.XVIII.
_9149223
700 1 _aFernández Pérez, Joaquín.
_949994
700 1 _aGonzález Tascón, Ignacio.
_958983
710 2 _aSociedad Española de Historia de las Ciencias y de las Técnicas
_96730
852 _aES-MaACL
_jL-14981
999 _c7702
_d7702